书目信息 |
| 题名: |
怎样养鱼
|
|
| 作者: | 《怎样养鱼》编写组编 | |
| 分册: | ||
| 出版信息: | 上海 上海人民出版社 1975 |
|
| 页数: | 150页 | |
| 开本: | 19cm | |
| 丛书名: | 《下乡知识青年农业读物》丛书 | |
| 单 册: | ||
| 中图分类: | S964 | |
| 科图分类: | ||
| 主题词: | 淡水养殖:鱼类养殖 , 鱼类养殖:淡水养殖 | |
| 电子资源: | ||
| ISBN: | ||
| 000 | 00738nam2 2200253 45 | |
| 001 | 0175003664 | |
| 005 | 20060727081331.95 | |
| 010 | @dCNY0.29 | |
| 100 | @a19951025d1975 em y0chiy0121 ea | |
| 101 | 0 | @achi |
| 102 | @aCN@b310000 | |
| 105 | @ay z 000yy | |
| 200 | 10 | @a怎样养鱼@Azen yang yang yu@f《怎样养鱼》编写组编 |
| 210 | @a上海@c上海人民出版社@d1975 | |
| 215 | @a150页@d19cm | |
| 225 | 2 | @a《下乡知识青年农业读物》丛书 |
| 410 | 0 | @120010@a下乡知识青年农业读物丛书 |
| 517 | 1 | @a下乡知识青年农业读物丛书@Axia xiang zhi shi qing nian nong ye du wu cong shu |
| 606 | @a淡水养殖:鱼类养殖 | |
| 606 | @a鱼类养殖:淡水养殖 | |
| 690 | @aS964@v3 | |
| 801 | 2 | @aCN@bNLC@c20060727 |
| 801 | 0 | @aCN@bTSSF |
| 905 | @a10447@dS964@e16 | |
| 怎样养鱼/《怎样养鱼》编写组编.-上海:上海人民出版社,1975 |
| 150页;19cm.-(《下乡知识青年农业读物》丛书) |
| ISBN :CNY0.29 |
| ● |
| 相关链接 |
|
|
|
|
正题名:怎样养鱼
索取号:S964/16
 
预约/预借
| 序号 | 登录号 | 条形码 | 馆藏地/架位号 | 状态 | 备注 |
| 1 | 0438685 | 204386850 | 密集书库/ [索取号:S964/16] | 在馆 |